Sustainable management and utilization of medicinal plant resources : (proceedings of the international conference on medicinal plants, 5-7 December, Kuala Lumpur

Bibliographic Details
Other Authors: Ahmad Said Sajap, Azhar Muda, Faridah Qamaruz-Zaman, Faridah-Hanum, Jalil Md. Som, Mohd. Hamami Sahri, Nor Aini Ab. Shukor
Format: Book
Published: Selangor : Universiti Putra Malaysia dan Jabatan Perhutanan Malaysia , 2006
Subjects:

MARC

LEADER 00000cam a2200000 7i4500
001 0000003715
005 20110420.0
020 0 0 |a 9839269496 
090 0 0 |a JPSM 634.98   |b SUS 2006 
245 0 0 |a Sustainable management and utilization of medicinal plant resources :   |b (proceedings of the international conference on medicinal plants, 5-7 December, Kuala Lumpur   |c edited by Azahar Muda et. [al...] 
260 0 0 |a Selangor :   |b Universiti Putra Malaysia dan Jabatan Perhutanan Malaysia ,   |c 2006 
300 |a xi 365p. :   |b ill. ;   |c 25cm. 
650 0 0 |a Biodiversity 
650 0 0 |a Medicinal plants 
700 1 1 |a Ahmad Said Sajap 
700 1 1 |a Azhar Muda 
700 1 1 |a Faridah Qamaruz-Zaman 
700 1 1 |a Faridah-Hanum 
700 1 1 |a Jalil Md. Som 
700 1 1 |a Mohd. Hamami Sahri 
700 1 1 |a Nor Aini Ab. Shukor 
999 |a 007311   |b Monograph   |c Open Shelf   |e Default branch 
999 |a 007312   |b Monograph   |c Open Shelf   |e Default branch 
999 |a 007313   |b Monograph   |c Open Shelf   |e Default branch 
999 |a 007314   |b Monograph   |c Open Shelf   |e Default branch 
999 |a 007315   |b Monograph   |c Open Shelf   |e Default branch